Beasts of the southern wild (Record no. 18068)
[ view plain ]
| 000 -LEADER | |
|---|---|
| fixed length control field | 01697cgm a22004097a 4500 |
| 007 - PHYSICAL DESCRIPTION FIXED FIELD--GENERAL INFORMATION | |
| fixed length control field | vd cgaizm |
| 008 - FIXED-LENGTH DATA ELEMENTS--GENERAL INFORMATION | |
| fixed length control field | 140216t2013 xxk90 e |||| 0| vleng d |
| 020 ## - INTERNATIONAL STANDARD BOOK NUMBER | |
| International Standard Book Number | 5055201822826 |
| 082 04 - DEWEY DECIMAL CLASSIFICATION NUMBER | |
| Edition number | 22 |
| Classification number | 791.4372 |
| Item number | BEA |
| 245 00 - TITLE STATEMENT | |
| Title | Beasts of the southern wild |
| Medium | [vdeorecording] / |
| Statement of responsibility, etc | Entertainment One, Cinereach and Court 13 production, Journeyman Pictures ; produced by Dan Janvey & Josh Penn ; screenplay by Lucy Alibar & Benh Zeitlin ; directed by Benh Zeitlin. |
| 260 ## - PUBLICATION, DISTRIBUTION, ETC. (IMPRINT) | |
| Place of publication, distribution, etc | [London] : |
| Name of publisher, distributor, etc | Studio Canal Limited, |
| Date of publication, distribution, etc | c.2013. |
| 300 ## - PHYSICAL DESCRIPTION | |
| Extent | 1 videodisc (90 min.) : |
| Other physical details | sd., col. ; |
| Dimensions | 4 3/4 in. |
| 500 ## - GENERAL NOTE | |
| General note | Based on the stage play 'Juicy and delicious written by Lucy Alibar. |
| 508 ## - CREATION/PRODUCTION CREDITS NOTE | |
| Creation/production credits note | Director of photography Ben Richardson ; edited by Crockett Doob, Alfonso Gonçalves ; music by Dan Romer & Benh Zeitlin. |
| 511 ## - PARTICIPANT OR PERFORMER NOTE | |
| Participant or performer note | Quvenzhané Wallis, Dwight Henry. |
| 521 ## - TARGET AUDIENCE NOTE | |
| Target audience note | Suitable only for persons of 12 years and over. |
| 650 #0 - SUBJECT ADDED ENTRY--TOPICAL TERM | |
| 9 (RLIN) | 35228 |
| Topical term or geographic name as entry element | Fantasy drama |
| 650 #0 - SUBJECT ADDED ENTRY--TOPICAL TERM | |
| 9 (RLIN) | 35227 |
| Topical term or geographic name as entry element | Floods |
| Form subdivision | Drama |
| 650 #0 - SUBJECT ADDED ENTRY--TOPICAL TERM | |
| 9 (RLIN) | 35226 |
| Topical term or geographic name as entry element | Children |
| Form subdivision | Drama |
| 653 ## - INDEX TERM--UNCONTROLLED | |
| -- | GGEN |
| -- | February2014 |
| 700 1# - ADDED ENTRY--PERSONAL NAME | |
| 9 (RLIN) | 35229 |
| Personal name | Henry, Dwight |
| 700 1# - ADDED ENTRY--PERSONAL NAME | |
| 9 (RLIN) | 35230 |
| Personal name | Wallis, QuvenzhaneÌ, |
| Dates associated with a name | 2003- |
| 700 1# - ADDED ENTRY--PERSONAL NAME | |
| 9 (RLIN) | 35231 |
| Personal name | Zeitlin, Benh |
| 700 1# - ADDED ENTRY--PERSONAL NAME | |
| 9 (RLIN) | 35232 |
| Personal name | Romer, Dan |
| 700 1# - ADDED ENTRY--PERSONAL NAME | |
| 9 (RLIN) | 35233 |
| Personal name | Gonçalves, Alfonso |
| 700 1# - ADDED ENTRY--PERSONAL NAME | |
| 9 (RLIN) | 35234 |
| Personal name | Doob, Crockett |
| 700 1# - ADDED ENTRY--PERSONAL NAME | |
| 9 (RLIN) | 35235 |
| Personal name | Richardson, Ben |
| 700 1# - ADDED ENTRY--PERSONAL NAME | |
| 9 (RLIN) | 35231 |
| Personal name | Zeitlin, Benh |
| 700 1# - ADDED ENTRY--PERSONAL NAME | |
| 9 (RLIN) | 35236 |
| Personal name | Alibar, Lucy |
| 700 1# - ADDED ENTRY--PERSONAL NAME | |
| 9 (RLIN) | 35237 |
| Personal name | Penn, Josh |
| 700 1# - ADDED ENTRY--PERSONAL NAME | |
| 9 (RLIN) | 35238 |
| Personal name | Janvey, Dan |
| 710 2# - ADDED ENTRY--CORPORATE NAME | |
| 9 (RLIN) | 35239 |
| Corporate name or jurisdiction name as entry element | Journeyman Pictures (Firm) |
| 710 2# - ADDED ENTRY--CORPORATE NAME | |
| 9 (RLIN) | 35240 |
| Corporate name or jurisdiction name as entry element | Cinereach (Firm) |
| 710 2# - ADDED ENTRY--CORPORATE NAME | |
| Corporate name or jurisdiction name as entry element | Court 13 production |
| 9 (RLIN) | 35242 |
| 710 2# - ADDED ENTRY--CORPORATE NAME | |
| 9 (RLIN) | 35241 |
| Corporate name or jurisdiction name as entry element | Entertainment One (Firm) |
| 942 ## - ADDED ENTRY ELEMENTS (KOHA) | |
| Source of classification or shelving scheme | Dewey Decimal Classification |
| Item type | |
| Call number prefix | 791.4372 BEA |
| Withdrawn status | Lost status | Source of classification or shelving scheme | Damaged status | Not for loan | Koha collection | Home library | Current library | Shelving location | Date acquired | Source of acquisition | Total Checkouts | Full call number | Barcode | Date last seen | Koha item type |
|---|---|---|---|---|---|---|---|---|---|---|---|---|---|---|---|
| Dewey Decimal Classification | Baccah | Central Library | Central Library | Second Floor | 16/02/2014 | Purchase | 791.4372 BEA | 000035617 | 24/08/2022 | CD | DVD - Movie (NB) |